| 000 | 00956nam a22002897a 4500 | ||
|---|---|---|---|
| 001 | 7846 | ||
| 003 | FISKH | ||
| 005 | 20250812090127.0 | ||
| 008 | 250812b cb ||||| |||| 00| 0 eng d | ||
| 020 | _a9781407135526 | ||
| 040 |
_aFISKH _beng _cFISKH _dFISKH |
||
| 050 | _aPZ7.W3838 C | ||
| 082 | _a823.92 | ||
| 100 |
_aWebb, Holly _d(1976-) |
||
| 245 |
_aAnimal magic : _bCatmagic / _cHolly Webb |
||
| 250 | _aThis edition first published in 2008 | ||
| 260 |
_aLondon : _bScholastic, _c2008 |
||
| 300 |
_a180 pages : _c20 cm |
||
| 505 | _aR | ||
| 520 | _aAlthough she is initially unhappy about having to spend the summer with her uncle while her mother is away at work, Lottie Grace gets the surprise of her life when the animals at his pet store start talking to her. | ||
| 521 | 8 |
_a770
_bLexile |
|
| 521 | 8 |
_aR
_bRaz-Plus |
|
| 650 |
_2Animals _aFantasy |
||
| 650 |
_2Middle grade _aChildren's |
||
| 942 |
_2ddc _cBK _n0 |
||
| 999 |
_c7846 _d7846 |
||